Gente Famosa Sofia loren

Saved in:
Bibliografiske detaljer
Hovedforfatter: Arturo Lanocita
Format: Bog
Sprog:ukendt sprog
Udgivet: Longanesi&C.R
Tags: Tilføj Tag
Ingen Tags, Vær først til at tagge denne postø!

MARC

LEADER 00000nam a2200000Ia 4500
001 R-717
003 CODICE-MESSINA
005 20260212102456.0
008 260211s9999 xx 000 0 und d
040 |c importazione_messina 
100 |a Arturo Lanocita 
245 0 |a Gente Famosa 
245 0 |b Sofia loren 
260 |b Longanesi&C.R 
942 |2 ddc  |c BK 
952 |0 0  |1 0  |2 ddc  |4 0  |6 SCAFFALE_6_000000000000000__ROMANZI  |7 0  |9 31543  |a ME  |b ME  |d 2026-02-11  |l 0  |o SCAFFALE 6 - ROMANZI  |p R-717  |r 2026-02-11 23:52:37  |w 2026-02-11  |x [REVISIONARE]  |y BK 
999 |c 27208  |d 27208